Statistiques concernant Culture Générale - Série 2331

Cliquez ici pour prendre le quiz!

Statistiques générales

  • Ce quiz a été pris 106 fois
  • Le résultat moyen est 6 sur 10

Statistiques - réponses

QuestionRéponse% Correct
Quel fruit est la gariguette ?fraise
89%
Quelle est la capitale de la Croatie ?Zagreb
88%
Veste courte mixte boutonnée qui se porte au-dessus de la taille et peut servir d'habits propres à une profession ou en tenue de soirée - indice: Marks & ...spencer
71%
Quel est le prénom du chanteur français qui a interprété "Vladimir Ilitch" en 1983 ?Michel
69%
Dans le film "Germinal" de Claude Berri de 1993, quel chanteur incarne Etienne Lantier ?Renaud
63%
Qui incarne le rôle de "Marilou" dans le film "Joyeuse retraite" réalisé en 2019 par Fabrice Bracq ? prénom et nom - voir photoMichèle Laroque
49%
Familièrement : personne avec laquelle on entretient, de manière plus ou moins régulière, des relations familières, synonyme de "pote" - 6 lettres commençant par " p "poteau
49%
Tête du sanglier, du cochon, et par extension de certains poissons à tête allongée.hure
47%
Dans le film "Garou, Garou, le passe-muraille" de 1951 de Jean Boyer, quel acteur incarne Léon Dutilleul, le passe-muraille ?Bourvil
39%
Le mathématicien Pythagore et le philosophe Épicure sont nés dans cette île grecque de la mer égée, connue pour sa production de muscatSamos
9%

Distribution des résultats

Percentile par nombre de réponses

% des personnes avec chaque résultat

Votre développement - résultats

Vous n’avez pas pris ce quiz